Statistiques concernant Capitales du monde par lettre - L

Cliquez ici pour prendre le quiz!

Statistiques générales

  • Ce quiz a été pris 444 fois
  • Le résultat moyen est 7 sur 10

Statistiques - réponses

Answer % Correct
Lisbonne
88%
Lima
87%
Londres
86%
Luanda
82%
Luxembourg
80%
Lomé
72%
Lusaka
62%
Libreville
58%
Lilongwe
49%
Ljubljana
45%

Distribution des résultats

Percentile par nombre de réponses

% des personnes avec chaque résultat

Votre développement - résultats

Vous n’avez pas pris ce quiz